La vie de Pasteur / (Record no. 150297)
[ view plain ]
| 000 -LEADER | |
|---|---|
| campo de control de longitud fija | 00500nam a2200181 i 4500 |
| 001 - NÚMERO DE CONTROL | |
| campo de control | 150297 |
| 003 - IDENTIFICADOR DE NÚMERO DE CONTROL | |
| campo de control | ES-MaACL |
| 005 - FECHA Y HORA DE LA ÚLTIMA TRANSACCIÓN | |
| campo de control | 20230906203443.0 |
| 007 - CAMPO FIJO DE DESCRIPCIÓN FÍSICA--INFORMACIÓN GENERAL | |
| campo de control de longitud fija | t| |
| 008 - DATOS DE LONGITUD FIJA--INFORMACIÓN GENERAL | |
| campo de control de longitud fija | 071029s1903 fr ||||1| fre d |
| 100 1# - ENTRADA PRINCIPAL--NOMBRE DE PERSONA | |
| Nombre de persona | Vallery-Radot, René. |
| 9 (RLIN) | 112868 |
| 245 13 - MENCIÓN DEL TÍTULO | |
| Título | La vie de Pasteur / |
| Mención de responsabilidad, etc. | René Vallery-Radot. |
| 250 ## - MENCION DE EDICION | |
| Mención de edición | 9em. ed. |
| 260 ## - PUBLICACIÓN, DISTRIBUCIÓN, ETC. | |
| Lugar de publicación, distribución, etc. | Paris : |
| Nombre del editor, distribuidor, etc. | [s.n.], |
| Fecha de publicación, distribución, etc. | 1903 ( |
| Lugar de fabricación/manufactura | Evreux : |
| Fabricante | Ch. Herissey) |
| 300 ## - DESCRIPCIÓN FÍSICA | |
| Extensión | 692 p. ; |
| Dimensiones | 25 cm. |
| 600 04 - PUNTO DE ACCESO ADICIONAL DE MATERIA--NOMBRE DE PERSONA | |
| Nombre de persona | Pasteur, Louis. |
| 9 (RLIN) | 89467 |
| 852 ## - LOCALIZACIÓN | |
| Ubicación | ES-MaACL |
| Número de control de estantería | G-14961 |
| Estatus retirado | Estado de pérdida | Estado de daño | No para préstamo | Biblioteca de origen | Biblioteca actual | Ubicación en estantería | Fecha de adquisición | Fuente de adquisición | Total de préstamos | Signatura topográfica completa | Código de barras | Visto por última vez | Precio de reemplazo | Tipo de ítem Koha |
|---|---|---|---|---|---|---|---|---|---|---|---|---|---|---|
| Biblioteca del Ateneo de Madrid | Biblioteca del Ateneo de Madrid | Sala Pecera Planta 3 | 17/01/2008 | G-14961 | 1156831 | 23/02/2023 | 23/02/2023 | Libro impreso |
